000
00301nam a2200121Ia 4500
008
190216s9999||||xx |||||||||||||| ||und||
100
_a
Velayudhan Ps
245
0
_a
Brief History Of The World Part 1 Ii
260
_b
Oxford University Press
300
_a
366p
650
_a
World History
942
_c
BK
999
_c
19376
_d
19376